As the Japanese see it: past and present

Saved in:
Bibliographic Details
Main Authors: Aoki, Michiko Yamaguchi (Author), Dardess, Margaret B (Author)
Format: Book
Language:English
Published: Honolulú University of Hawai Press 1981
Subjects:
Tags: Add Tag
No Tags, Be the first to tag this record!

MARC

LEADER 00000nam a2200000 a 4500
001 UCY2608
003 CL-VaPUC
008 941104e19810000US |||||||||||||||||eng|d
082 0 4 |a 952  |b AOK  |2 21 
100 0 |a Aoki, Michiko Yamaguchi  |e author  |9 330675 
700 0 |a Dardess, Margaret B  |e author  |9 330676 
245 1 0 |a As the Japanese see it: past and present 
300 |a 315 p 
942 |c BK 
945 |d 19941104 00:00:00  |a mfernand 
260 |a Honolulú  |b University of Hawai Press  |c 1981 
650 0 |a Historia  |9 255047 
651 0 |a Japón   |9 260391 
583 |a last modification  |c 19941104 00:00:00  |k Rodrigo Vera 
999 |c 230972  |d 230970 
952 |0 0  |1 0  |4 0  |6 952_000000000000000_AOK_1981  |7 0  |8 A  |9 233695  |a BIBGIM  |b BIBGIM  |d 2019-11-15  |i 3028259  |o 952 AOK 1981  |p 3028259  |r 2025-01-15  |w 2019-11-15  |y BK  |k ORI